Friends: Ultimate quiz - Statistics

General Stats
  • This quiz has been taken 107 times
  • The average score is 14 of 25
Answer Stats
Hint Answer % Correct
Which character says, "We were on a break!" Ross
100%
Which instrument does Phoebe famously play? Guitar
93%
Which friend works at Ralph Lauren? Rachel
92%
What is Monica's profession? Chef
91%
What is the name of Phoebe's twin sister? Ursula
90%
What is the name of Ross's second wife? Emily
88%
Which friend is ordained online and officiates Monica and Chandler's wedding? Joey
86%
Who was secretly in love with Rachel? Gunther
67%
Which city does Chandler move to temporarily for work? Tulsa
64%
What is the name of Ross and Monica's dog when they were growing up? Chi-chi
58%
What is Chandler's middle name? Muriel
57%
Full name of Rachel's younger assistant boyfriend? Tag Jones
56%
What is the name of Joey's stuffed penguin? Hugsy
53%
What is Phoebe's fake name? Regina Phalange
53%
What is Chandler's new roommate called when Joey moves out? Eddie
49%
What is Monica and Chandler's adopted daughter eventually named? Erica
48%
Where does Chandler get locked in during the blackout? ATM vestibule
47%
What is the surname of the downstairs neighbour who leaves his apartment to Monica and Rachel? Heckles
43%
Who does Chandler get locked in there with? Jill Goodacre
43%
What is the name of the building superintendent? Mr. Treeger
22%
What is the name of Monica's billionaire boyfriend? Pete Becker
22%
What is the name of Joey's agent? Estelle Leonard
20%
What is the name of Chandler and Joey's white dog statue? Pat
18%
Who is Monica's first serious boyfriend seen in the series? Alan
15%
What is the name of the male stripper played by Danny DeVito? Roy
5%
No matching quizzes found
Score Distribution
Percent of People with Each Score
Percentile by Number Answered
Your Score History
You have not taken this quiz